[Event "2nd GMA World Cup prel  #2"]
[Site "Moscow URS"]
[Date "1989.??.??"]
[Round "2"]
[White "Mikhalchishin, Adrian"]
[Black "Spasov, Luben"]
[Result "1/2-1/2"]
[WhiteElo "2475"]
[BlackElo "2375"]
[EventDate "1989.05.??"]
[PlyCount "102"]

1.d4 Nf6 2.Nf3 e6 3.c4 Bb4+ 4.Nbd2 b6 5.a3 Bxd2+ 6.Qxd2 Bb7 7.b4 O-O 8.Bb2
Ne4 9.Qd3 f5 10.e3 a5 11.b5 d6 12.Be2 Nd7 13.O-O Qe7 14.Ne1 e5 15.f3 Ng5 
16.Qd2 Rae8 17.Bd1 Kh8 18.Bc2 Qf7 19.Rc1 Qg6 20.Kh1 Qh5 21.Bd1 Qh6 22.Nd3 
e4 23.Nf4 exf3 24.gxf3 Nh3 25.d5 Nf6 26.Bc2 Bc8 27.Rcd1 Bd7 28.Nxh3 Qxh3 
29.Rf2 f4 30.e4 Nh5 31.Qc3 Re7 32.Kg1 Be8 33.Rg2 Bg6 34.Re1 Rfe8 35.Kf2 
Qh4+ 36.Ke2 Nf6 37.Kd1 Nd7 38.Rg4 Qxh2 39.Re2 Qh1+ 40.Kd2 Rf8 41.Rgg2 Qh6 
42.Rh2 Bh5 43.Rh3 Ne5 44.Reh2 g6 45.Ba1 Rff7 46.Bd1 Qf8 47.Be2 Kg8 48.Qc1 
Rg7 49.Kc2 Qf6 50.Bc3 Rgf7 51.Rh4 Kf8 1/2-1/2

[Event "2nd GMA World Cup prel  #2"]
[Site "Moscow URS"]
[Date "1989.??.??"]
[Round "2"]
[White "Minasian, Artashes"]
[Black "Zapata, Alonso"]
[Result "1/2-1/2"]
[WhiteElo "2345"]
[BlackElo "2490"]
[EventDate "1989.05.??"]
[PlyCount "129"]

1.e4 c5 2.Nf3 e6 3.d4 cxd4 4.Nxd4 Nc6 5.Nc3 a6 6.g3 Nge7 7.Bg2 Nxd4 8.Qxd4
Nc6 9.Qd3 Be7 10.h4 Qc7 11.Bg5 f6 12.Bf4 Ne5 13.Qe2 b5 14.Qh5+ g6 15.Bxe5 
fxe5 16.Qh6 Bf8 17.Qg5 Rg8 18.h5 h6 19.Qd2 g5 20.Nd5 exd5 21.Qxd5 Bb4+ 22.
c3 Bxc3+ 23.bxc3 Qxc3+ 24.Ke2 Qb2+ 25.Kd3 Rf8 26.Rhb1 Qd4+ 27.Qxd4 exd4 
28.Rb2 Bb7 29.Rc1 Ke7 30.Kxd4 Rac8 31.Rxc8 Rxc8 32.Bf1 Rc1 33.Be2 Bc6 34.
f4 gxf4 35.gxf4 d6 36.Bd3 Be8 37.e5 Rd1 38.exd6+ Kxd6 39.Ke3 Re1+ 40.Kd4 
Rh1 41.Bg6 Bd7 42.Rd2 Rc1 43.Bd3 Rg1 44.Bg6 a5 45.f5 Rf1 46.Ke3+ Ke7 47.
Ke2 Rf4 48.Rd5 Bc6 49.Re5+ Kd6 50.Re6+ Kc5 51.Ke3 Rf1 52.Ke2 Rf4 53.Ke3 
Rf3+ 54.Ke2 Ra3 55.f6 Bf3+ 56.Ke1 Bd5 57.Re5 Kd6 58.Re8 Rf3 59.Rf8 Bxa2 
60.Ke2 Rf4 61.Ke3 Rf1 62.Bd3 Rh1 63.Ra8 Rh3+ 64.Kd4 Rh4+ 65.Ke3 1/2-1/2

[Event "2nd GMA World Cup prel  #2"]
[Site "Moscow URS"]
[Date "1989.??.??"]
[Round "2"]
[White "Iailian, Mikhail"]
[Black "Lau, Ralf"]
[Result "1/2-1/2"]
[WhiteElo "2325"]
[BlackElo "2475"]
[EventDate "1989.05.??"]
[PlyCount "29"]

1.d4 Nf6 2.c4 e6 3.Nf3 b6 4.Nc3 Bb7 5.Bg5 h6 6.Bh4 Be7 7.e3 Ne4 8.Bxe7 
Qxe7 9.Qc2 Nxc3 10.Qxc3 O-O 11.Be2 d6 12.O-O Nd7 13.b4 a5 14.a3 Rfe8 15.
Rfc1 1/2-1/2

[Event "2nd GMA World Cup prel  #2"]
[Site "Moscow URS"]
[Date "1989.??.??"]
[Round "2"]
[White "Lukov, Valentin"]
[Black "Nikolic, Stanimir"]
[Result "0-1"]
[WhiteElo "2470"]
[BlackElo "2320"]
[EventDate "1989.05.??"]
[PlyCount "132"]

1.d4 Nf6 2.Nf3 e6 3.g3 c5 4.Bg2 d5 5.O-O Nc6 6.c4 dxc4 7.Qa4 Nd7 8.dxc5 
Bxc5 9.Qxc4 Qe7 10.Nc3 Nb6 11.Qb3 O-O 12.Ne4 Nd4 13.Nxd4 Bxd4 14.Be3 Bxe3 
15.Qxe3 Nd5 16.Qc5 Bd7 17.Qxe7 Nxe7 18.Nd6 Bc6 19.Bxc6 Nxc6 20.Rfc1 Rab8 
21.b3 Nd4 22.Rc7 Nxe2+ 23.Kf1 Nd4 24.Rd1 e5 25.Nxb7 f6 26.Rdc1 Ne6 27.Re7 
Rf7 28.Rxe6 Rfxb7 29.Rcc6 Kf7 30.Red6 Re8 31.Ke2 h5 32.h4 Ree7 33.Rc5 Re6 
34.Rcc6 Rxd6 35.Rxd6 Rc7 36.Kd2 Kg6 37.b4 Kf5 38.b5 Ke4 39.a4 Kf3 40.Rc6 
Rd7+ 41.Ke1 Ke4 42.Ke2 Kf5 43.Rc4 Ke6 44.Ke3 Kf5 45.a5 Ke6 46.a6 Kf5 47.
Rc5 Ke6 48.Rc2 g6 49.Rc8 Kf5 50.Rb8 e4 51.Ke2 g5 52.Re8 gxh4 53.gxh4 Kf4 
54.Rg8 f5 55.Rg5 Rd5 56.Rxh5 Rxb5 57.Rh7 Rb2+ 58.Ke1 Kf3 59.Rb7 Re2+ 60.
Kd1 Rxf2 61.Rxa7 Ra2 62.Rf7 f4 63.a7 e3 64.Re7 Ra1+ 65.Kc2 e2 66.h5 Rxa7 
0-1

[Event "2nd GMA World Cup prel  #2"]
[Site "Moscow URS"]
[Date "1989.??.??"]
[Round "2"]
[White "Prins, Lodewijk"]
[Black "Makarichev, Sergei"]
[Result "0-1"]
[WhiteElo "2265"]
[BlackElo "2500"]
[EventDate "1989.05.??"]
[PlyCount "96"]

1.e4 c5 2.Nf3 Nc6 3.Bb5 e6 4.O-O Nge7 5.Re1 a6 6.Bf1 d5 7.exd5 Qxd5 8.d3 
Nf5 9.Nc3 Qd8 10.Ne4 Be7 11.Bf4 O-O 12.Ng3 Nxg3 13.Bxg3 b6 14.Ne5 Bb7 15.
a3 Nd4 16.Nc4 b5 17.Nd2 Qd7 18.Be5 Nc6 19.Nf3 f6 20.Bc3 e5 21.g3 b4 22.Bd2
bxa3 23.bxa3 Nd4 24.Bg2 Rab8 25.Nxd4 Bxg2 26.Kxg2 cxd4 27.f4 Qc6+ 28.Kg1 
Bd6 29.fxe5 fxe5 30.Rb1 Rxb1 31.Qxb1 Qf3 32.Rf1 Qxf1+ 33.Qxf1 Rxf1+ 34.
Kxf1 Bxa3 35.Ke2 Kf7 36.Kf3 Bb2 37.Ke4 Ke6 38.Ba5 Kd6 39.Bb4+ Kc6 40.Kxe5 
Kb5 41.Bf8 a5 42.Bxg7 Kb4 43.g4 a4 44.Ke4 a3 45.Bf8+ Kc3 46.Bxa3 Bxa3 47.
g5 Bf8 48.h4 Bg7 0-1

[Event "2nd GMA World Cup prel  #2"]
[Site "Moscow URS"]
[Date "1989.??.??"]
[Round "2"]
[White "Vreeken, Corry"]
[Black "Panchenko, Alexander"]
[Result "1/2-1/2"]
[WhiteElo "2165"]
[BlackElo "2465"]
[EventDate "1989.05.??"]
[PlyCount "75"]

1.e4 c5 2.Nf3 Nc6 3.Nc3 d6 4.Bb5 e5 5.d3 g6 6.O-O Bg7 7.Bg5 f6 8.Bd2 Ne7 
9.Nd5 O-O 10.Nxe7+ Qxe7 11.c3 f5 12.Bc4+ Kh8 13.Ne1 f4 14.f3 g5 15.Nc2 h5 
16.Be1 g4 17.b4 Qg5 18.Qd2 gxf3 19.Rxf3 Bg4 20.Rf1 Qg6 21.bxc5 dxc5 22.Rb1
b6 23.Bd5 Rac8 24.Na3 f3 25.Nc4 fxg2 26.Rxf8+ Rxf8 27.Bg3 Bh3 28.Bf2 Ne7 
29.Qe3 Qg4 30.Nxe5 Nxd5 31.exd5 Qf5 32.Nc6 Qf3 33.Re1 Kh7 34.d4 cxd4 35.
Nxd4 Qxe3 36.Rxe3 Bxd4 37.cxd4 Bg4 38.Kxg2 1/2-1/2

[Event "2nd GMA World Cup prel  #2"]
[Site "Moscow URS"]
[Date "1989.??.??"]
[Round "2"]
[White "Bagirov, Vladimir"]
[Black "Heemskerk, Fenny"]
[Result "1-0"]
[WhiteElo "2460"]
[BlackElo "2025"]
[EventDate "1989.05.??"]
[PlyCount "55"]

1.b3 Nf6 2.Bb2 e6 3.e3 d5 4.f4 c5 5.Nf3 Nc6 6.Bb5 Bd7 7.O-O Be7 8.d3 a6 9.
Bxc6 Bxc6 10.Ne5 Qb6 11.Qe2 O-O 12.Rf3 d4 13.Nxc6 bxc6 14.Nd2 Rfd8 15.Nc4 
Qa7 16.Rh3 h6 17.Rf1 Kh7 18.Ne5 Rf8 19.Nxc6 Qd7 20.Nxe7 Qxe7 21.exd4 Nd5 
22.f5 exf5 23.Qxe7 Nxe7 24.Ba3 g6 25.Bxc5 Rfe8 26.c4 Rac8 27.Re3 Nc6 28.
Rfe1 1-0

[Event "2nd GMA World Cup prel  #2"]
[Site "Moscow URS"]
[Date "1989.??.??"]
[Round "3"]
[White "Lputian, Smbat"]
[Black "Panno, Oscar"]
[Result "1/2-1/2"]
[WhiteElo "2610"]
[BlackElo "2495"]
[EventDate "1989.05.??"]
[PlyCount "89"]

1.d4 e6 2.c4 Bb4+ 3.Bd2 a5 4.Nf3 d6 5.g3 f5 6.Bg2 Nf6 7.O-O Bxd2 8.Nbxd2 
O-O 9.Qc2 Nc6 10.e4 f4 11.e5 dxe5 12.dxe5 Nd7 13.Qc3 Qe7 14.Ne4 Nc5 15.
Nxc5 Qxc5 16.Rad1 a4 17.gxf4 Rxf4 18.Qe3 Qxe3 19.fxe3 Rf8 20.Ng5 Nxe5 21.
Be4 Rxf1+ 22.Kxf1 Kf8 23.Rd8+ Ke7 24.Rg8 h6 25.Nh7 Nxc4 26.Rxg7+ Kd6 27.
Ke2 Bd7 28.Nf6 Bc6 29.Bxc6 Kxc6 30.Re7 Nxb2 31.Rxe6+ Kc5 32.Ne4+ Kd5 33.
Re7 b5 34.Nc3+ Kd6 35.Rh7 c6 36.Rxh6+ Kc5 37.Ne4+ Kb4 38.Rxc6 Rh8 39.Nc3 
Rxh2+ 40.Kf3 Nd3 41.Nd5+ Ka5 42.Rc8 b4 43.Ke4 Rd2 44.Ra8+ Kb5 45.Rb8+ 
1/2-1/2

[Event "2nd GMA World Cup prel  #2"]
[Site "Moscow URS"]
[Date "1989.??.??"]
[Round "3"]
[White "Chernin, Alexander"]
[Black "Miles, Anthony John"]
[Result "1/2-1/2"]
[WhiteElo "2580"]
[BlackElo "2520"]
[EventDate "1989.05.??"]
[PlyCount "46"]

1.c4 e5 2.g3 Nf6 3.Bg2 Nc6 4.Nc3 Bc5 5.e3 d5 6.cxd5 Nb4 7.d4 exd4 8.exd4 
Be7 9.Nge2 Bf5 10.O-O Nc2 11.Rb1 Nb4 12.Ra1 Nc2 13.g4 Bg6 14.g5 Nd7 15.Rb1
Nb4 16.Ra1 Nb6 17.f4 Bc2 18.Qd2 h6 19.Ng3 Nc4 20.Qf2 Bd3 21.Rd1 Bc2 22.Rf1
Bd3 23.Rd1 Bc2 1/2-1/2

[Event "2nd GMA World Cup prel  #2"]
[Site "Moscow URS"]
[Date "1989.??.??"]
[Round "3"]
[White "Olafsson, Helgi"]
[Black "Dolmatov, Sergei"]
[Result "1/2-1/2"]
[WhiteElo "2520"]
[BlackElo "2580"]
[EventDate "1989.05.??"]
[PlyCount "73"]

1.d4 f5 2.g3 Nf6 3.Bg2 g6 4.c4 Bg7 5.Nf3 O-O 6.O-O d6 7.Nc3 c6 8.b3 Qa5 9.
Bb2 e5 10.dxe5 dxe5 11.e4 fxe4 12.Nd2 e3 13.fxe3 Bg4 14.Qe1 Nbd7 15.Nde4 
Nxe4 16.Nxe4 Rxf1+ 17.Bxf1 Qc7 18.c5 Rf8 19.b4 Nf6 20.Nd6 Qe7 21.e4 Ne8 
22.Nc4 Nc7 23.Be2 Bh3 24.Rd1 h5 25.Nd2 b6 26.cxb6 axb6 27.Nf3 Nb5 28.a3 
Nd4 29.Nxd4 exd4 30.Bxd4 Bxd4+ 31.Rxd4 b5 32.Kh1 c5 33.bxc5 Qxc5 34.Qd2 
Kh7 35.Qe3 Qc2 36.Rd1 Rf7 37.Rc1 1/2-1/2

[Event "2nd GMA World Cup prel  #2"]
[Site "Moscow URS"]
[Date "1989.??.??"]
[Round "3"]
[White "Dlugy, Maxim"]
[Black "Kharitonov, Andrei"]
[Result "1/2-1/2"]
[WhiteElo "2570"]
[BlackElo "2520"]
[EventDate "1989.05.??"]
[PlyCount "59"]

1.d4 d6 2.c4 e5 3.Nf3 e4 4.Ng5 f5 5.Nc3 c6 6.Nh3 Be7 7.Nf4 Nf6 8.h4 Na6 9.
e3 Nc7 10.d5 O-O 11.g3 c5 12.a3 Nd7 13.Be2 Ne5 14.b4 Bf6 15.Bd2 b6 16.Rc1 
g6 17.Kf1 Qe7 18.Kg2 Bd7 19.Rb1 Rfc8 20.bxc5 dxc5 21.a4 Ne8 22.Nb5 Nd6 23.
Nxd6 Qxd6 24.a5 Rcb8 25.Qc2 Nf7 26.Bc3 Bxc3 27.Qxc3 Qe5 28.Qa3 Nd6 29.Rhc1
Nb7 30.axb6 1/2-1/2

[Event "2nd GMA World Cup prel  #2"]
[Site "Moscow URS"]
[Date "1989.??.??"]
[Round "3"]
[White "Dreev, Alexei"]
[Black "Azmaiparashvili, Zurab"]
[Result "1-0"]
[WhiteElo "2520"]
[BlackElo "2560"]
[EventDate "1989.05.??"]
[PlyCount "49"]

1.d4 g6 2.e4 d6 3.Nc3 Bg7 4.Bg5 Nf6 5.f4 c6 6.Qd2 b5 7.Bd3 O-O 8.Nf3 Bg4 
9.e5 b4 10.Ne2 Bxf3 11.gxf3 Nd5 12.Bc4 a5 13.O-O-O Qd7 14.f5 Qxf5 15.Ng3 
Qe6 16.f4 dxe5 17.f5 Qd6 18.fxg6 hxg6 19.Rdg1 exd4 20.Nf5 Qe5 21.Nxg7 Ne3 
22.Bxe3 dxe3 23.Qd3 Kxg7 24.Bxf7 Qh5 25.Rxg6+ 1-0

[Event "2nd GMA World Cup prel  #2"]
[Site "Moscow URS"]
[Date "1989.??.??"]
[Round "3"]
[White "Bareev, Evgeny"]
[Black "Gligoric, Svetozar"]
[Result "1-0"]
[WhiteElo "2555"]
[BlackElo "2505"]
[EventDate "1989.05.??"]
[PlyCount "95"]

1.d4 Nf6 2.c4 e6 3.Nf3 b6 4.a3 Bb7 5.Nc3 d5 6.cxd5 exd5 7.Qa4+ c6 8.Bg5 
Be7 9.e3 O-O 10.Bd3 c5 11.Rd1 Nbd7 12.Ne5 h6 13.Bf4 a6 14.Bb1 Re8 15.Nxd7 
Nxd7 16.dxc5 Nxc5 17.Qc2 Bf6 18.Qh7+ Kf8 19.O-O Ne6 20.Ba2 d4 21.Bxe6 Rxe6
22.exd4 Bxd4 23.Be3 Rxe3 24.Qh8+ Ke7 25.Qxd8+ Rxd8 26.fxe3 Bxe3+ 27.Kh1 
Rd2 28.Rxd2 Bxd2 29.Rf2 Bg5 30.Na4 b5 31.Nc5 Bd5 32.Nxa6 Kd6 33.Rf1 Bc4 
34.Rd1+ Ke5 35.Nb4 f5 36.Nd3+ Ke4 37.Nc5+ Ke3 38.b3 Be2 39.Rd5 g6 40.Rd6 
Kf2 41.Nd3+ Kf1 42.Ne5 Bf4 43.Rd5 Bxe5 44.Rxe5 Bd3 45.h3 Be4 46.Kh2 Bxg2 
47.Rxb5 f4 48.Rb6 1-0

[Event "2nd GMA World Cup prel  #2"]
[Site "Moscow URS"]
[Date "1989.??.??"]
[Round "3"]
[White "Razuvaev, Yury"]
[Black "Kuzmin, Gennady"]
[Result "1/2-1/2"]
[WhiteElo "2550"]
[BlackElo "2505"]
[EventDate "1989.05.??"]
[PlyCount "117"]

1.d4 Nf6 2.c4 e6 3.g3 d5 4.Nf3 Be7 5.Bg2 O-O 6.O-O Na6 7.Nc3 c5 8.cxd5 
exd5 9.dxc5 Nxc5 10.b3 Bf5 11.Nd4 Bg6 12.Bb2 Qb6 13.Rc1 Rad8 14.Ba3 Nxb3 
15.Bxe7 Nxc1 16.Bxf8 Kxf8 17.Nf3 d4 18.Qxc1 dxc3 19.Qxc3 Ne4 20.Qa3+ Qc5 
21.Qb2 b6 22.e3 Qc3 23.Qc1 Rd3 24.Nd4 Qxc1 25.Rxc1 Nc5 26.Nc6 Rd2 27.Nxa7 
Rxa2 28.Nc6 Nd3 29.Rb1 Ne5 30.Rd1 Nxc6 31.Bxc6 Rc2 32.Bd5 Bh5 33.Rb1 Rd2 
34.Be4 Rd6 35.Kg2 Bg4 36.h3 Be6 37.g4 h6 38.f4 Bc4 39.Kf3 b5 40.Bc2 Rd2 
41.Bb3 Be2+ 42.Kg3 g5 43.Rc1 Rd3 44.Kf2 gxf4 45.exf4 Rxh3 46.Kxe2 Rxb3 47.
Rc6 Kg7 48.Rb6 Rb1 49.Kf2 b4 50.Kg2 b3 51.Kh2 f6 52.Kg2 Kf7 53.Kh2 Ke7 54.
Kg2 b2 55.Kh2 Kd7 56.Rb8 Kc7 57.Rb3 Kd6 58.Rb8 Kd5 59.g5 1/2-1/2

[Event "2nd GMA World Cup prel  #2"]
[Site "Moscow URS"]
[Date "1989.??.??"]
[Round "3"]
[White "Kotronias, Vasilios"]
[Black "Vladimirov, Evgeny"]
[Result "1/2-1/2"]
[WhiteElo "2505"]
[BlackElo "2550"]
[EventDate "1989.05.??"]
[PlyCount "105"]

1.e4 e6 2.d4 d5 3.Nd2 c5 4.Ngf3 Nf6 5.exd5 Nxd5 6.Nb3 Nd7 7.c4 N5f6 8.dxc5
Qc7 9.Bd3 Nxc5 10.Nxc5 Bxc5 11.O-O Bd7 12.Qe2 Bc6 13.Ne5 Rd8 14.Bf4 Rd4 
15.Bg3 Ne4 16.Bxe4 Rxe4 17.Qh5 Bd6 18.Nxc6 Qxc6 19.Bxd6 Qxd6 20.Rad1 Qe5 
21.Qxe5 Rxe5 22.Rd2 Ke7 23.Rfd1 Kf6 24.Rd7 Re2 25.b4 Rxa2 26.h4 Rc2 27.
R1d4 Rc8 28.c5 a5 29.Rxb7 axb4 30.Rf4+ Ke5 31.Rfxf7 Rc4 32.g3 Rg4 33.Kg2 
Rxc5 34.Kh3 h5 35.f3 Rd4 36.Rxg7 Rc3 37.Rg5+ Kd6 38.Rxh5 Rxf3 39.Rb6+ Kc7 
40.Rxe6 b3 41.Rh7+ Rd7 42.Rxd7+ Kxd7 43.Rb6 Kc7 44.Rb4 Kd6 45.h5 Re3 46.
Kh4 Kc5 47.Rb8 Re4+ 48.g4 Rb4 49.Rc8+ Kd6 50.Rc1 b2 51.Rb1 Ke6 52.Kg5 Kf7 
53.Kh6 1/2-1/2

[Event "2nd GMA World Cup prel  #2"]
[Site "Moscow URS"]
[Date "1989.??.??"]
[Round "3"]
[White "Huzman, Alexander"]
[Black "De Firmian, Nick"]
[Result "0-1"]
[WhiteElo "2480"]
[BlackElo "2570"]
[EventDate "1989.05.??"]
[PlyCount "102"]

1.e4 c5 2.Nf3 d6 3.d4 cxd4 4.Nxd4 Nf6 5.Nc3 a6 6.Be2 e5 7.Nb3 Be7 8.Be3 
Be6 9.f4 exf4 10.Bxf4 Nc6 11.Qd2 O-O 12.O-O-O Ne5 13.Nd4 Qd7 14.Nxe6 Qxe6 
15.Kb1 Rac8 16.Qd4 b5 17.h3 Nc4 18.Rhe1 h6 19.Nd5 Nxd5 20.exd5 Qd7 21.Qe4 
Bf6 22.Bg4 Qc7 23.Bxc8 Rxc8 24.c3 Na3+ 25.Ka1 Qxc3 26.Bc1 Qc2 27.Qxc2 
Nxc2+ 28.Kb1 Nxe1 29.Rxe1 Be5 30.b3 f6 31.Rd1 Rc3 32.Bb2 Rg3 33.Rd2 Kf7 
34.Rc2 Rd3 35.Rc6 Rxd5 36.Rxa6 Ke6 37.g4 Rd3 38.Rb6 Rxh3 39.Bxe5 fxe5 40.
Rxb5 g5 41.a4 h5 42.gxh5 Rxh5 43.Kc2 g4 44.Kd2 Rh2+ 45.Ke1 d5 46.a5 Ra2 
47.b4 d4 48.Rb6+ Kd5 49.a6 Ke4 50.b5 Ke3 51.Kf1 d3 0-1

[Event "2nd GMA World Cup prel  #2"]
[Site "Moscow URS"]
[Date "1989.??.??"]
[Round "3"]
[White "Kupreichik, Viktor"]
[Black "Pigusov, Evgeny"]
[Result "0-1"]
[WhiteElo "2520"]
[BlackElo "2525"]
[EventDate "1989.05.??"]
[PlyCount "90"]

1.e4 c5 2.Nc3 Nc6 3.Nf3 g6 4.d4 cxd4 5.Nxd4 Bg7 6.Be3 Nf6 7.Bc4 O-O 8.O-O 
d6 9.h3 Nxe4 10.Bxf7+ Rxf7 11.Nxe4 h6 12.c3 Kh7 13.Qb3 d5 14.Rad1 Na5 15.
Qb4 b6 16.Nb3 Ba6 17.Rfe1 Nc4 18.Bc1 e6 19.Nbd2 Ne5 20.Nd6 Rxf2 21.N2c4 
Nxc4 22.Nxc4 Qh4 23.Ne3 Qxb4 24.cxb4 Re2 25.Rxe2 Bxe2 26.Re1 Bd3 27.Ng4 
Bf5 28.Ne5 Rc8 29.Nf7 Rc2 30.Nd6 e5 31.g4 Bd3 32.g5 hxg5 33.Nf7 e4 34.
Nxg5+ Kg8 35.Ne6 Be5 36.Nf4 Rxc1 37.Nxd3 Rxe1+ 38.Nxe1 Bxb2 39.Kf2 Kf7 40.
Ng2 Bc1 41.Ke2 Kf6 42.b5 Bg5 43.Kd1 Ke5 44.Ne1 d4 45.Nc2 Be7 0-1

[Event "2nd GMA World Cup prel  #2"]
[Site "Moscow URS"]
[Date "1989.??.??"]
[Round "3"]
[White "Campora, Daniel Hugo"]
[Black "Csom, Istvan"]
[Result "1/2-1/2"]
[WhiteElo "2500"]
[BlackElo "2545"]
[EventDate "1989.05.??"]
[PlyCount "45"]

1.e4 c5 2.Nf3 a6 3.c3 d5 4.exd5 Qxd5 5.d4 e6 6.Be2 Nf6 7.O-O Nc6 8.Be3 
cxd4 9.Nxd4 Bd7 10.Bf3 Qd6 11.Nd2 Qc7 12.Re1 Be7 13.Nc4 O-O 14.Nb6 Qxb6 
15.Nxc6 Bc5 16.Bxc5 Qxc5 17.Qd4 Qxd4 18.Nxd4 Rab8 19.c4 Rfc8 20.Rac1 Rc7 
21.c5 Rbc8 22.b4 Ba4 23.Red1 1/2-1/2

[Event "2nd GMA World Cup prel  #2"]
[Site "Moscow URS"]
[Date "1989.??.??"]
[Round "3"]
[White "Hansen, Curt"]
[Black "Makarichev, Sergei"]
[Result "1/2-1/2"]
[WhiteElo "2545"]
[BlackElo "2500"]
[EventDate "1989.05.??"]
[PlyCount "87"]

1.d4 e6 2.c4 f5 3.Nf3 Nf6 4.g3 Be7 5.Bg2 O-O 6.O-O d5 7.b3 Bd7 8.Ba3 Nc6 
9.e3 Be8 10.Qc1 a5 11.Bxe7 Qxe7 12.Nc3 Rd8 13.a3 Ne4 14.Ne1 h5 15.Nd3 h4 
16.f3 Nxc3 17.Qxc3 hxg3 18.hxg3 Rf6 19.Kf2 Rh6 20.b4 axb4 21.axb4 e5 22.
Nxe5 Nxe5 23.dxe5 dxc4 24.Qxc4+ Bf7 25.Qc5 Rd2+ 26.Kg1 Qg5 27.Qc3 Re2 28.
Rfe1 Rc6 29.Qd3 Rxe1+ 30.Rxe1 Qxg3 31.Qd2 Rc2 32.Qxc2 Qxe1+ 33.Kh2 Qxe3 
34.Qxf5 Qh6+ 35.Kg3 Qe6 36.Qg5 Qg6 37.Qxg6 Bxg6 38.f4 c6 39.Kg4 Be8 40.f5 
Kf7 41.Bf1 b6 42.Kg5 Ke7 43.Be2 Bf7 44.Kf4 1/2-1/2

[Event "2nd GMA World Cup prel  #2"]
[Site "Moscow URS"]
[Date "1989.??.??"]
[Round "3"]
[White "Ubilava, Elizbar"]
[Black "Krasenkov, Mikhail"]
[Result "1/2-1/2"]
[WhiteElo "2515"]
[BlackElo "2525"]
[EventDate "1989.05.??"]
[PlyCount "29"]

1.c4 Nf6 2.d4 g6 3.Nc3 d5 4.cxd5 Nxd5 5.Nf3 Bg7 6.e4 Nxc3 7.bxc3 c5 8.Rb1 
O-O 9.Be2 Qa5 10.O-O Qxa2 11.Bg5 cxd4 12.cxd4 Re8 13.Bb5 Bd7 14.Bxd7 Nxd7 
15.Rxb7 1/2-1/2

[Event "2nd GMA World Cup prel  #2"]
[Site "Moscow URS"]
[Date "1989.??.??"]
[Round "3"]
[White "Vaiser, Anatoly"]
[Black "Smejkal, Jan"]
[Result "1/2-1/2"]
[WhiteElo "2525"]
[BlackElo "2515"]
[EventDate "1989.05.??"]
[PlyCount "35"]

1.d4 Nf6 2.c4 g6 3.Nc3 d5 4.cxd5 Nxd5 5.e4 Nxc3 6.bxc3 Bg7 7.Nf3 c5 8.Rb1 
O-O 9.Be2 Nc6 10.d5 Ne5 11.Nxe5 Bxe5 12.Qd2 b6 13.f4 Bg7 14.O-O e6 15.c4 
Bd4+ 16.Kh1 Re8 17.Bb2 Bxb2 18.Rxb2 1/2-1/2

[Event "2nd GMA World Cup prel  #2"]
[Site "Moscow URS"]
[Date "1989.??.??"]
[Round "3"]
[White "Smirin, Ilia"]
[Black "Khalifman, Alexander"]
[Result "1/2-1/2"]
[WhiteElo "2490"]
[BlackElo "2545"]
[EventDate "1989.05.??"]
[PlyCount "56"]

1.e4 c6 2.d4 d5 3.Nd2 dxe4 4.Nxe4 Nd7 5.Ng5 Ngf6 6.Bd3 e6 7.N1f3 Bd6 8.c3 
h6 9.Ne4 Nxe4 10.Bxe4 O-O 11.O-O e5 12.Bc2 Re8 13.Re1 exd4 14.Rxe8+ Qxe8 
15.Qxd4 Qe7 16.Bf4 Bxf4 17.Qxf4 Nf8 18.Re1 Be6 19.Nd4 Re8 20.g3 Qd8 21.Rd1
Bh3 22.Nf3 Qe7 23.Qd6 Qe2 24.Qd3 Qe6 25.Bb3 Qf6 26.Nd2 Qe7 27.Nf1 Qf6 28.
Nd2 Qe7 1/2-1/2

[Event "2nd GMA World Cup prel  #2"]
[Site "Moscow URS"]
[Date "1989.??.??"]
[Round "3"]
[White "Kuzmin, Alexei"]
[Black "Eingorn, Viacheslav"]
[Result "1-0"]
[WhiteElo "2465"]
[BlackElo "2570"]
[EventDate "1989.05.??"]
[PlyCount "83"]

1.e4 c5 2.Nf3 e6 3.d4 cxd4 4.Nxd4 a6 5.Bd3 Nf6 6.O-O Qc7 7.Qe2 d6 8.c4 g6 
9.Nc3 Bg7 10.Nf3 O-O 11.Bf4 Ng4 12.Rac1 Ne5 13.Rfd1 Nbc6 14.b3 Qe7 15.Bb1 
Rd8 16.Be3 Bd7 17.Nd2 Be8 18.f4 Nd7 19.Nf3 Rab8 20.Bf2 f6 21.a3 Bf7 22.Be3
a5 23.Qf2 Nc5 24.Bc2 b6 25.f5 Ne5 26.h3 a4 27.b4 Nb3 28.Nxe5 dxe5 29.fxg6 
Bxg6 30.Bxb3 axb3 31.Qb2 f5 32.exf5 Bxf5 33.Qxb3 Bd3 34.Na4 e4 35.Nxb6 Kh8
36.c5 Rg8 37.Rxd3 exd3 38.Qxd3 Qh4 39.Qc4 Qg3 40.Qf4 Qg6 41.Nd7 Bb2 42.Qf2
1-0

[Event "2nd GMA World Cup prel  #2"]
[Site "Moscow URS"]
[Date "1989.??.??"]
[Round "3"]
[White "Dorfman, Iosif"]
[Black "Bagirov, Vladimir"]
[Result "1-0"]
[WhiteElo "2565"]
[BlackElo "2460"]
[EventDate "1989.05.??"]
[PlyCount "79"]

1.e4 Nf6 2.e5 Nd5 3.d4 d6 4.Nf3 Bg4 5.Be2 e6 6.O-O Be7 7.c4 Nb6 8.Be3 O-O 
9.Nc3 a5 10.b3 Na6 11.h3 Bf5 12.g4 Bg6 13.h4 dxe5 14.h5 Bb4 15.hxg6 Bxc3 
16.gxf7+ Rxf7 17.Nxe5 Bxa1 18.Nxf7 Kxf7 19.Qxa1 Nb4 20.Qb1 Nd7 21.Kg2 Nf8 
22.Rh1 Qd6 23.Bf3 c6 24.Rh5 g6 25.Rh1 Kg8 26.Rd1 Re8 27.Qb2 Na6 28.Bd2 b6 
29.c5 Qc7 30.cxb6 Qxb6 31.Rc1 Nb4 32.Bxb4 axb4 33.Rxc6 Qa5 34.Rc5 Qb6 35.
Qd2 Rb8 36.Rc6 Qa7 37.d5 exd5 38.Bxd5+ Kh8 39.Qf4 Qd7 40.Qe5+ 1-0

[Event "2nd GMA World Cup prel  #2"]
[Site "Moscow URS"]
[Date "1989.??.??"]
[Round "3"]
[White "Gavrikov, Viktor"]
[Black "Stefansson, Hannes Hlifar"]
[Result "1-0"]
[WhiteElo "2535"]
[BlackElo "2480"]
[EventDate "1989.05.??"]
[PlyCount "179"]

1.c4 Nf6 2.Nc3 e5 3.Nf3 Nc6 4.g3 Bb4 5.Nd5 Bc5 6.d3 Nxd5 7.cxd5 Ne7 8.Nxe5
Bb4+ 9.Bd2 Bxd2+ 10.Qxd2 Nxd5 11.Bg2 Nf6 12.O-O d6 13.Nf3 O-O 14.Rac1 c6 
15.a3 Re8 16.Rfe1 Nd7 17.b4 a5 18.Nd4 Qf6 19.e3 axb4 20.axb4 Nb6 21.b5 c5 
22.Ne2 Bd7 23.Nc3 Na4 24.Nd5 Qd8 25.Rb1 Nb6 26.Nc3 Qc7 27.d4 Bf5 28.Rbc1 
Bg6 29.h4 h6 30.Qd1 Rac8 31.h5 Bh7 32.Qf3 cxd4 33.exd4 Rxe1+ 34.Rxe1 Bc2 
35.Re3 Rb8 36.Qe2 Bf5 37.Nd5 Nxd5 38.Re8+ Rxe8 39.Qxe8+ Kh7 40.Bxd5 Be6 
41.Bxe6 fxe6 42.Qxe6 Kh8 43.Kg2 Qb8 44.Qd5 Qc7 45.g4 Qc8 46.f3 Qc2+ 47.Kg3
Qc1 48.Qe4 Qc7 49.Qe8+ Kh7 50.Qe6 Qc1 51.Qe4+ Kh8 52.b6 Qc8 53.Kf4 Qf8+ 
54.Ke3 Qf7 55.Kf2 Qa2+ 56.Kg3 Qf7 57.Kg2 Qa2+ 58.Kg3 Qf7 59.Qc2 Qe6 60.Kf2
Kg8 61.Qa4 Kf7 62.Qc2 Kf8 63.Kg3 Kg8 64.Qe4 Qd7 65.Qd5+ Kh8 66.Kf4 Qe7 67.
Kf5 Kh7 68.Kf4 Kh8 69.Qe4 Qg5+ 70.Kg3 Qc1 71.Qe8+ Kh7 72.Qg6+ Kh8 73.Qe4 
Kg8 74.Qd5+ Kh8 75.Qe4 Kg8 76.Qe6+ Kh7 77.Qe2 Kh8 78.Kf2 Qc6 79.Qb2 Qc4 
80.Ke3 Qe6+ 81.Kd3 Qd5 82.Qc3 Kg8 83.Ke3 Kf7 84.Kf4 Kf6 85.Qd3 Qg5+ 86.Kg3
Kf7 87.Qe4 Qa5 88.Qxb7+ Kf8 89.Qb8+ Ke7 90.Qa7+ 1-0

[Event "2nd GMA World Cup prel  #2"]
[Site "Moscow URS"]
[Date "1989.??.??"]
[Round "3"]
[White "Popovic, Petar"]
[Black "Karpman, Vadim"]
[Result "1/2-1/2"]
[WhiteElo "2535"]
[BlackElo "2480"]
[EventDate "1989.05.??"]
[PlyCount "47"]

1.e4 c5 2.Nf3 Nc6 3.d4 cxd4 4.Nxd4 Qb6 5.Nb3 Nf6 6.Nc3 e6 7.Bd3 Be7 8.O-O 
O-O 9.Kh1 d5 10.exd5 exd5 11.Be3 Qd8 12.Qd2 Ne5 13.Rad1 b6 14.Bg5 Bb7 15.
f3 Nc4 16.Qc1 Nh5 17.f4 Rc8 18.Be2 Nf6 19.Bf3 Re8 20.Nd4 h6 21.Bh4 Ne4 22.
Be1 Bf6 23.Nxe4 dxe4 24.Bg4 1/2-1/2

[Event "2nd GMA World Cup prel  #2"]
[Site "Moscow URS"]
[Date "1989.??.??"]
[Round "3"]
[White "Timoschenko, Gennady"]
[Black "Lobron, Eric"]
[Result "1-0"]
[WhiteElo "2460"]
[BlackElo "2555"]
[EventDate "1989.05.??"]
[PlyCount "85"]

1.d4 e6 2.c4 c5 3.d5 exd5 4.cxd5 d6 5.Nc3 g6 6.Nf3 Nf6 7.Nd2 Nbd7 8.e4 Bg7
9.Be2 O-O 10.O-O Re8 11.a4 Ne5 12.Ra3 g5 13.Qc2 Kh8 14.Nc4 Nfg4 15.Nxe5 
Nxe5 16.f4 gxf4 17.Bxf4 a6 18.Qd2 Bf6 19.Kh1 Rb8 20.h3 Ng6 21.Bh6 Rg8 22.
Nd1 Ne5 23.Nf2 Bd7 24.Bf4 Qe7 25.a5 Ng6 26.Bh2 Be5 27.Bxe5+ Nxe5 28.Nd3 
Ng6 29.Qc3+ Rg7 30.Qf6 Qxe4 31.Qxd6 Rbg8 32.Bf3 Qe8 33.Nxc5 Bb5 34.Rg1 Ne5
35.Re3 Nc4 36.Rxe8 Nxd6 37.Rxg8+ Rxg8 38.Re1 Kg7 39.Re7 Kf6 40.Rc7 Ke5 41.
Nxb7 Nxb7 42.Rxb7 f5 43.Rxh7 1-0

[Event "2nd GMA World Cup prel  #2"]
[Site "Moscow URS"]
[Date "1989.??.??"]
[Round "3"]
[White "Goldin, Alexander"]
[Black "Grunberg, Hans-Ulrich"]
[Result "1-0"]
[WhiteElo "2535"]
[BlackElo "2475"]
[EventDate "1989.05.??"]
[PlyCount "115"]

1.d4 Nf6 2.c4 g6 3.g3 Bg7 4.Bg2 O-O 5.Nc3 d6 6.Nf3 a6 7.O-O Nc6 8.h3 Rb8 
9.e4 b5 10.e5 dxe5 11.dxe5 Qxd1 12.Rxd1 Nd7 13.e6 fxe6 14.cxb5 axb5 15.Bf4
b4 16.Na4 Nb6 17.Nxb6 Rxb6 18.Bxc7 Rb7 19.Bf4 Bxb2 20.Rab1 Bc3 21.Ng5 Rb6 
22.Ne4 Bd4 23.Rbc1 e5 24.Bh6 Rd8 25.Nc5 Rd6 26.Ne4 Rd8 27.Nc5 Rd6 28.Rd2 
Bf5 29.g4 g5 30.Bxg5 Bg6 31.h4 Bf7 32.Ne4 Rd7 33.Ng3 Bd5 34.Nf5 Kf7 35.
Bxd5+ Rxd5 36.Kg2 e6 37.Ne3 Rd7 38.Nc4 Ra6 39.Be3 Rda7 40.Nd6+ Kf6 41.Ne4+
Ke7 42.Bg5+ Ke8 43.Rdc2 Kd7 44.h5 Rb7 45.Be3 Rba7 46.Bd2 Rb6 47.g5 Ne7 48.
g6 hxg6 49.h6 Rb8 50.h7 Bc3 51.Bxc3 bxc3 52.Nf6+ Kd6 53.Ng8 Rxg8 54.Rd1+ 
Kc5 55.Rxc3+ Kb4 56.hxg8=Q Nxg8 57.Rc6 Rxa2 58.Rb1+ 1-0